Представление документа в формате RUSMARC

ПолеНазваниеЗначение
  Тип записи a
  Библиографический уровень a
001 Контрольный номер RU/CBS_UL/BASE/7376b32527d748f7941ffe585df7a960
005 Дата корректировки 20260422150145.3
100 Данные общей обработки __
a Данные общей обработки 20260422 ||| 0rusy0189 ca
101 Язык документа 0_
a Язык текста rus
102 Страна публикации __
a Страна публикации RU
200 Заглавие и сведения об ответственности 1_
a Заглавие Чуждый радиоактивный элемент
e Сведения, относящиеся к заглавию [воспоминания ликвидаторов аварии на ЧАЭС]
f Первые сведения об ответственности Д. Невзоров
g Последующие сведения об ответственности фот. И. Костин
300 Общие примечания __
a Общие примечания Содерж : Не жертвы, а победители
300 Общие примечания __
a Общие примечания 16+
461 Уровень набора _0
1 2000
a Аргументы и факты
463 Уровень физической единицы _0
1 2000
a № 16 (22-28 апр.)
v С. 19 : фот.
1 2101
d 2026
1 001RU/CBS_UL/BASE/d470878112bc454998facffad090482a
606 Тематические рубрики 0_
a Основная рубрика Чернобыльская атомная электрическая станция (Припять, город; Украина) - Авария - Воспоминания ликвидаторов
610 Ключевые слова 0_
a Ключевые слова техногенные катастрофы
610 Ключевые слова 0_
a Ключевые слова аварии на АЭС
610 Ключевые слова 0_
a Ключевые слова ЧАЭС
610 Ключевые слова 0_
a Ключевые слова Чернобыльская АЭС
610 Ключевые слова 0_
a Ключевые слова катастрофа чернобыльская
610 Ключевые слова 0_
a Ключевые слова ликвидаторы последствий аварии на Чернобыльской АЭС
610 Ключевые слова 0_
a Ключевые слова воспоминания ликвидаторов аварии на ЧАЭС
610 Ключевые слова 0_
a Ключевые слова зоны отчуждения
686 Индексы других классификаций __
2 Код системы rubbk
a Классификационный индекс 31.47-082.03
700 Автор _1
a Фамилия Невзоров
b Имя (инициалы) Д.
801 Источник записи _0
a Страна RU
b Организация МБУК ЦБС г. Ульяновска
c Дата составления 20260422
g Правила каталогизации RCR
801 Источник записи _1
a Страна RU
b Организация МБУК ЦБС г. Ульяновска
c Дата составления 20260422
g Правила каталогизации RCR
901 Тип документа __
t Тип документа f
w Контрольный № источника RU/CBS_UL/BASE/d470878112bc454998facffad090482a
909 Создатель записи __
a Создатель записи lib1